00000000nam 2200000zi 4500
0019.954364
003CaOODSP
00520250821100611
006m     o  d f      
007cr mn|||||||||
008250821e20250115oncd    obs  f000 0 eng d
040 |aCaOODSP|beng|erda|cCaOODSP
043 |an-cn---
0861 |aCS82-003/2025-1-1E-PDF
1001 |aCharters, Thomas, |eauthor.
24510|aMapping the Washington Group on Disability Statistics disability measure to the Health Utilities Index Mark 3 : |bdevelopment and validation of a predictive multivariable model in a general population sample / |cby Thomas Charters, Dafna Kohen and Julie Bernier.
264 1|a[Ottawa] : |bStatistics Canada = Statistique Canada, |cJanuary 15, 2025.
264 4|c©2025
300 |a1 online resource (18 pages) : |bgraphs.
336 |atext|btxt|2rdacontent
337 |acomputer|bc|2rdamedia
338 |aonline resource|bcr|2rdacarrier
4901 |aHealth reports, |x1209-1367 ; |vv. 36, no. 1, [1]
500 |aIssued also in French under title: Mise en correspondance de la mesure de l’incapacité du Groupe de Washington sur les statistiques des incapacités selon le Health Utilities Index Mark 3 : élaboration et validation d’un modèle prédictif multivarié dans un échantillon issu de la population générale.
504 |aIncludes bibliographical references (pages 17-18).
650 0|aHealth surveys|zCanada|xMethodology.
650 0|aHealth surveys|zCanada|vStatistics.
650 0|aDisabilities|zCanada|vStatistics.
655 7|aStatistics|2lcgft
7102 |aStatistics Canada, |eissuing body.
77508|tMise en correspondance de la mesure de l’incapacité du Groupe de Washington sur les statistiques des incapacités selon le Health Utilities Index Mark 3 : |w(CaOODSP)9.954365
830#0|aHealth reports (Series)|vv. 36, no. 1, [1].|w(CaOODSP)9.950253
85640|qPDF|s965 KB|uhttps://publications.gc.ca/collections/collection_2025/statcan/82-003-x/CS82-003-2025-1-1-eng.pdf
8564 |qHTML|sN/A|uhttps://www150.statcan.gc.ca/n1/pub/82-003-x/2025001/article/00001-eng.htm